000 00316nam a2200109Ia 4500
008 220204s9999 xx 000 0 und d
082 _a35(035)
_bIND.2
245 0 _aHandbook of rules and regulations for the all India services. V 2.
250 _aEd.3
260 _aIndia
_bMinistry of Home affairs
_c1962
942 _cBK
999 _c20263
_d20263